[Event "Ch Belgium (team) 2006/07"]
[Site "Belgium"]
[Date "2007.12.08"]
[Round "7"]
[White "Piceu Tom (BEL)"]
[Black "Wantiez Fabrice (BEL)"]
[Result "1-0"]
[WhiteElo "2318"]
[BlackElo "2278"]
[PlyCount "81"]
[EventDate "2007.??.??"]
[Source "www.chesslib.no"]
[SourceDate "2004.05.04"]

1. d4 Nf6 2. c4 g6 3. Nc3 d5 4. Nf3 Bg7 5. Qb3 dxc4 6. Qxc4 O-O 7. e4 c6 8. Qb3 a5 9. Be2 a4 10. Qc2 Bg4 11. Be3 Qa5 12. O-O b5 13. a3 Nbd7 14. Na2 Bxf3 15. Bxf3 Rac8 16. Nb4 Nb8 17. Rac1 Nfd7 18. Bg4 e6 19. Qd2 Qd8 20. Bg5 Qb6 21. d5 Ne5 22. Bh3 cxd5 23. Rxc8 Rxc8 24. Nxd5 exd5 25. Bxc8 d4 26. Kh1 Nc4 27. Qf4 Nc6 28. Qg3 Nxb2 29. Qd6 Bf8 30. Qd5 b4 31. f4 bxa3 32. f5 Nb4 33. Qd7 N2d3 34. Qe8 a2 35. Be7 Nf2+ 36. Kg1 h5 37. Qxf8+ Kh7 38. Qxf7+ Kh6 39. Be6 Nh3+ 40. gxh3 d3+ 41. Kg2 1-0

[Event "Athens (Greece)"]
[Site "?"]
[Date "1997.??.??"]
[Round "9"]
[White "Porfiriadis Sotirios"]
[Black "Karayannis Athanasios"]
[Result "1-0"]
[WhiteElo "2340"]
[BlackElo "2245"]
[PlyCount "118"]
[EventDate "1997.??.??"]
[Source "www.chesslib.no"]
[SourceDate "2004.05.04"]

1. d4 Nf6 2. c4 g6 3. Nc3 d5 4. Nf3 Bg7 5. Qb3 dxc4 6. Qxc4 O-O 7. e4 c6 8. Be2 b5 9. Qb3 Qa5 10. e5 Be6 11. Qc2 Bf5 12. Bd3 Bxd3 13. Qxd3 Nd5 14. O-O Nxc3 15. bxc3 Na6 16. Ng5 Qd8 17. Qh3 h6 18. Ne4 Qc8 19. Qh4 g5 20. Qh5 Qf5 21. Qe2 f6 22. Ba3 Rae8 23. Ng3 Qc8 24. exf6 Rxf6 25. Rfe1 Nc7 26. Nh5 Re6 27. Qd3 Nd5 28. Bc5 a6 29. f3 Rf8 30. Re4 Rxe4 31. fxe4 Nf4 32. Nxf4 Rxf4 33. Re1 e6 34. Bd6 Rf7 35. c4 Qd8 36. c5 Qa5 37. Re2 Qb4 38. Rd2 a5 39. h3 a4 40. Kh2 Qa5 41. d5 exd5 42. exd5 Qa8 43. Qe4 cxd5 44. Qe6 Qc6 45. Rf2 Qd7 46. Qxd5 Be5+ 47. Kh1 Bxd6 48. c6 Qe7 49. Rxf7 Qxf7 50. Qxd6 Qc4 51. c7 b4 52. Qd8+ Kg7 53. c8=Q Qf1+ 54. Kh2 Qf4+ 55. Kg1 Qe3+ 56. Kf1 Qf4+ 57. Ke2 Qe4+ 58. Kd1 Qb1+ 59. Qc1 Qxa2 1-0

[Event "URU-ch"]
[Site "URU"]
[Date "1997.??.??"]
[Round "?"]
[White "Guerrero, Alvaro"]
[Black "Donatti, Alvaro"]
[Result "1/2-1/2"]
[WhiteElo "2250"]
[BlackElo "2335"]
[PlyCount "81"]
[EventDate "1997.??.??"]
[Source "www.chesslib.no"]
[SourceDate "2004.05.04"]

1. d4 Nf6 2. Nf3 g6 3. c4 d5 4. Qb3 Bg7 5. Nc3 dxc4 6. Qxc4 O-O 7. e4 c6 8. Qb3 Qb6 9. Bc4 e6 10. O-O Qc7 11. Bg5 Nbd7 12. Rac1 e5 13. d5 b5 14. Be2 Nc5 15. Qc2 b4 16. Bxf6 Bxf6 17. Nb1 Be7 18. dxc6 Be6 19. Nbd2 Rac8 20. Rfd1 Rfd8 21. Bc4 Bxc4 22. Nxc4 Rxd1+ 23. Rxd1 Qxc6 24. Nfxe5 Qxe4 25. Qxe4 Nxe4 26. Re1 Nf6 27. b3 Bc5 28. Nd3 Bd4 29. g3 Kf8 30. Kg2 Bc3 31. Re2 Rd8 32. Nc5 Bd4 33. Nb7 Rd7 34. Ncd6 Bc5 35. Rd2 Bxd6 36. Rxd6 Rxd6 37. Nxd6 Nd5 38. Nc4 Nc3 39. a3 bxa3 40. Nxa3 Ke7 41. Nc4 1/2-1/2

[Event "Swidnica op-A"]
[Site "?"]
[Date "2000.??.??"]
[Round "4"]
[White "Cmilyte Viktorija"]
[Black "Zhigalko Andrey"]
[Result "1-0"]
[WhiteElo "2325"]
[BlackElo "2255"]
[PlyCount "73"]
[EventDate "2000.??.??"]
[Source "www.chesslib.no"]
[SourceDate "2004.05.04"]

1. d4 Nf6 2. c4 g6 3. Nc3 d5 4. Nf3 Bg7 5. Qb3 dxc4 6. Qxc4 O-O 7. e4 c6 8. Qb3 a5 9. Be2 b5 10. Qc2 e5 11. dxe5 Ng4 12. Bf4 Qe7 13. O-O Nxe5 14. Nxe5 Bxe5 15. Bxe5 Qxe5 16. Kh1 Qe7 17. f4 Nd7 18. Rac1 f6 19. Rfd1 a4 20. Bf3 Bb7 21. Ne2 Nb6 22. b3 axb3 23. axb3 Rfd8 24. Nd4 Rd6 25. e5 fxe5 26. Nxc6 Bxc6 27. Rxd6 Qxd6 28. Bxc6 Rc8 29. fxe5 Qxe5 30. Qf2 Qg5 31. Rf1 Qf5 32. Qe2 Qxf1+ 33. Qxf1 Rxc6 34. h3 Rc5 35. Qf6 Nc8 36. b4 Rc1+ 37. Kh2 1-0

[Event "Nassau CC-ch"]
[Site "?"]
[Date "1998.??.??"]
[Round "?"]
[White "Shapiro Daniel E"]
[Black "Dolgitser Konstantin"]
[Result "1-0"]
[WhiteElo "2295"]
[BlackElo "2260"]
[PlyCount "81"]
[EventDate "1998.??.??"]
[Source "www.chesslib.no"]
[SourceDate "2004.05.04"]

1. d4 Nf6 2. c4 g6 3. Nc3 d5 4. Nf3 Bg7 5. Qb3 dxc4 6. Qxc4 O-O 7. e4 c6 8. h3 Nfd7 9. Be3 e5 10. Rd1 exd4 11. Nxd4 Qe7 12. Be2 Re8 13. O-O b5 14. Qb3 Bb7 15. a4 b4 16. a5 Nf8 17. Na4 Na6 18. f3 Rac8 19. Rd2 Kh8 20. Bf2 Bh6 21. Rc2 c5 22. Nb5 Ne6 23. g3 Ng5 24. Kh2 Qd7 25. h4 Qh3+ 26. Kg1 Nxe4 27. fxe4 Bxe4 28. Bf3 c4 29. Rxc4 Rxc4 30. Bxe4 Rexe4 31. Qf3 Qd7 32. Rd1 Qxb5 33. Qxf7 Qe8 34. Qxa7 Nc7 35. Qb6 Bg7 36. a6 Re6 37. Qb7 Rxa6 38. Nc5 Rxc5 39. Bxc5 Be5 40. Re1 Bd4+ 41. Bxd4+ 1-0

[Event "Linares Anibal op 7th"]
[Site "Linares"]
[Date "2000.01.07"]
[Round "1"]
[White "Henrichsen, Jens"]
[Black "Yandemirov, Valeri"]
[Result "1/2-1/2"]
[WhiteElo "2059"]
[BlackElo "2481"]
[PlyCount "87"]
[EventDate "2000.01.07"]
[Source "ChessBase"]
[SourceDate "2000.04.05"]

1. d4 Nf6 2. c4 g6 3. Nc3 d5 4. Nf3 Bg7 5. Qb3 dxc4 6. Qxc4 O-O 7. e4 c6 8. Qb3 Qb6 9. Bc4 Qxb3 10. Bxb3 Na6 11. Bf4 Bg4 12. h3 Bxf3 13. gxf3 Rfd8 14. Rd1 Rac8 15. Be3 Nc7 16. Ke2 Nh5 17. f4 Ne6 18. Bxe6 fxe6 19. Rhg1 Rf8 20. Rg4 Rf7 21. e5 Rcf8 22. Ne4 Nxf4+ 23. Bxf4 Rxf4 24. Rxf4 Rxf4 25. Nc5 Rf8 26. Nxb7 Rb8 27. Na5 Rxb2+ 28. Rd2 Rb6 29. Rc2 Kf7 30. Nxc6 Ra6 31. Nb4 Ra4 32. Rb2 Ke8 33. Kd3 Kd7 34. Nc2 Kc7 35. Kc3 Bh6 36. Kb3 Ra6 37. Nb4 Rb6 38. Rc2+ Kd7 39. Ka4 Bf4 40. Nd3 g5 41. Rc3 Bd2 42. Rc2 Bf4 43. Rc3 Bd2 44. Rc2 1/2-1/2

[Event "Spring op"]
[Site "Budapest"]
[Date "1996.??.??"]
[Round "9"]
[White "Restas, Peter"]
[Black "Csapo, Zoltan"]
[Result "0-1"]
[WhiteElo "2200"]
[BlackElo "2335"]
[PlyCount "90"]
[EventDate "1996.??.??"]
[Source "ChessBase"]

1. d4 Nf6 2. Nf3 g6 3. c4 Bg7 4. Nc3 d5 5. Qb3 dxc4 6. Qxc4 O-O 7. e4 c6 8. e5 Nd5 9. Be2 Na6 10. O-O Be6 11. Qa4 Nb6 12. Qd1 Bc4 13. Bxc4 Nxc4 14. Qe2 Nb6 15. b3 Nc7 16. Ne4 Ne6 17. Rd1 Nd5 18. Bb2 Qd7 19. Nc5 Nxc5 20. dxc5 Qf5 21. Rd4 Nf4 22. Qe4 Qxe4 23. Rxe4 Ne6 24. Rc1 Rfd8 25. Nd4 Bh6 26. Nxe6 fxe6 27. Rce1 Bd2 28. Rd1 Bb4 29. Rxd8+ Rxd8 30. Rd4 Rd5 31. Rxd5 exd5 32. Bd4 Kf7 33. f4 Bd2 34. g3 Ke6 35. Kf2 g5 36. fxg5 Bxg5 37. h4 Bd2 38. Kf3 Kf5 39. a4 h5 40. Bb2 e6 41. Ba1 Bh6 42. b4 a6 43. Bc3 Bg7 44. Bd2 Bxe5 45. Be1 Bc7 0-1

[Event "Kreuzberg 2000"]
[Site "Berlin"]
[Date "2000.07.24"]
[Round "3"]
[White "Von Herman, Ulf"]
[Black "Fruebing, Thomas"]
[Result "1-0"]
[WhiteElo "2357"]
[BlackElo "2168"]
[PlyCount "63"]
[EventDate "2000.07.??"]
[Source "www.chesslib.no"]
[SourceDate "2004.05.04"]

1. d4 Nf6 2. Nf3 g6 3. c4 Bg7 4. Nc3 d5 5. Qb3 dxc4 6. Qxc4 O-O 7. e4 c6 8. Qb3 Qb6 9. Qc2 Bg4 10. Be3 Qa5 11. Nd2 Nbd7 12. h3 Be6 13. Be2 Qd8 14. O-O Re8 15. f4 Nb6 16. Rad1 Rf8 17. a4 Ne8 18. Nf3 Bc4 19. Bxc4 Nxc4 20. Bf2 Rc8 21. Qb3 Nb6 22. d5 c5 23. e5 Qc7 24. Nb5 Qd8 25. d6 Qd7 26. Bh4 c4 27. Qe3 Nxa4 28. dxe7 Qxb5 29. Rd8 Rc7 30. exf8=Q+ Bxf8 31. Nd4 Rd7 32. Nxb5 1-0

[Event "HUN Team Ch"]
[Site "HUN"]
[Date "1992.??.??"]
[Round "?"]
[White "Pasztor, Ferenc"]
[Black "Csapo, Zoltan"]
[Result "0-1"]
[WhiteElo "2235"]
[BlackElo "2250"]
[PlyCount "87"]
[EventDate "1992.??.??"]
[Source "www.chesslib.no"]
[SourceDate "2004.05.04"]

1. d4 Nf6 2. c4 g6 3. Nc3 d5 4. Nf3 Bg7 5. Qb3 dxc4 6. Qxc4 O-O 7. e4 c6 8. Be2 b6 9. Bf4 Ba6 10. Qa4 Bxe2 11. Kxe2 Qc8 12. Rhe1 Qg4 13. Bxb8 Raxb8 14. Kf1 Nh5 15. h3 Qc8 16. Qxa7 Rb7 17. Qa6 Qb8 18. Rad1 c5 19. d5 Bxc3 20. bxc3 Ra7 21. Qc4 Qa8 22. d6 exd6 23. Rxd6 Nf4 24. g3 Ra4 25. Qb5 Ne6 26. Qxb6 Rxe4 27. Rxe4 Qxe4 28. Kg2 Ra8 29. Rd2 Kg7 30. Qb5 Ra3 31. Qb2 Qa8 32. h4 Ra6 33. Qb3 Ra3 34. Qc4 Ra4 35. Qe2 Re4 36. Qd3 Rxh4 37. Re2 Ra4 38. Qd7 Ng5 39. Re3 Rxa2 40. Qc7 Qd5 41. c4 Qf5 42. Nxg5 Rxf2+ 43. Kg1 Rf1+ 44. Kg2 0-1

[Event "Poznan Pocztowiec-ch op-B"]
[Site "?"]
[Date "1999.??.??"]
[Round "8"]
[White "Kaszowski Dariusz"]
[Black "Chojnacki Krzysztof"]
[Result "1/2-1/2"]
[WhiteElo "2297"]
[BlackElo "2156"]
[PlyCount "132"]
[EventDate "1999.??.??"]
[Source "www.chesslib.no"]
[SourceDate "2004.05.04"]

1. d4 Nf6 2. c4 g6 3. Nc3 d5 4. Nf3 Bg7 5. Qb3 dxc4 6. Qxc4 O-O 7. e4 c6 8. Qb3 Qb6 9. Bc4 Na6 10. e5 Qxb3 11. Bxb3 Nd7 12. Bg5 e6 13. Ne4 c5 14. Be3 cxd4 15. Bxd4 Nb4 16. Nf6+ Nxf6 17. exf6 Bh6 18. Rd1 Nd5 19. Bc5 Rd8 20. Be7 Rd7 21. Ne5 Rxe7 22. fxe7 Nxe7 23. Rd8+ Kg7 24. O-O Bf4 25. Nc4 Nc6 26. Rdd1 b6 27. g3 Bg5 28. Nd6 Ba6 29. Bc4 Bxc4 30. Nxc4 Bf6 31. b3 b5 32. Nd6 a6 33. Rc1 Ne7 34. Rfd1 Be5 35. f4 Bxd6 36. Rxd6 Nd5 37. a3 a5 38. Rc5 b4 39. a4 Ra7 40. Rcc6 h5 41. Kf2 h4 42. Kf3 hxg3 43. hxg3 Ne7 44. Rc5 Nd5 45. Ke4 Nc3+ 46. Kd3 Kf6 47. Rd4 Ke7 48. Kc4 Ne2 49. Rd3 Nc3 50. Rc6 Nd5 51. Kb5 Ra8 52. Rc5 Ra7 53. Rdxd5 exd5 54. Rxd5 Ke6 55. Re5+ Kd6 56. Kb6 Rc7 57. Kxa5 Rc3 58. Kxb4 Rxg3 59. Re4 Kc6 60. Kc4 Rg1 61. b4 Rc1+ 62. Kb3 Rb1+ 63. Kc3 Rc1+ 64. Kd4 Rd1+ 65. Ke5 Rd5+ 66. Kf6 Rf5+ 1/2-1/2

[Event "Untergrombach op"]
[Site "Untergrombach"]
[Date "1998.??.??"]
[Round "?"]
[White "Prestel, Oliver"]
[Black "Reichstein, Hans Joerg"]
[Result "0-1"]
[WhiteElo "2215"]
[BlackElo "2235"]
[PlyCount "34"]
[EventDate "1998.??.??"]
[Source "www.chesslib.no"]
[SourceDate "2004.05.04"]

1. d4 Nf6 2. c4 g6 3. Nc3 d5 4. Nf3 Bg7 5. Qb3 dxc4 6. Qxc4 O-O 7. e4 c6 8. Qb3 Nbd7 9. e5 Nd5 10. Nxd5 cxd5 11. Qxd5 Nxe5 12. Qe4 Nxf3+ 13. Qxf3 Qxd4 14. Be2 Qb4+ 15. Kf1 Be6 16. a3 Qb6 17. h4 h5 0-1

[Event "NED Team Ch 9596"]
[Site "NED"]
[Date "1995.??.??"]
[Round "?"]
[White "Hofman, Ron"]
[Black "Posazhennikov, A."]
[Result "1-0"]
[WhiteElo "2235"]
[BlackElo "2205"]
[PlyCount "119"]
[EventDate "1995.??.??"]
[Source "www.chesslib.no"]
[SourceDate "2004.05.04"]

1. d4 Nf6 2. c4 g6 3. Nc3 d5 4. Nf3 Bg7 5. Qb3 dxc4 6. Qxc4 O-O 7. e4 c6 8. Qb3 b5 9. e5 Be6 10. exf6 Bxb3 11. fxg7 Kxg7 12. axb3 Qd6 13. Be3 Nd7 14. Be2 Qe6 15. Nd2 f5 16. g3 Nb6 17. Bf4 Kg8 18. h4 Nd5 19. Be5 Nb4 20. O-O f4 21. Rfc1 fxg3 22. fxg3 Qh3 23. Nce4 h6 24. Rc3 Nd5 25. Rf3 Rxf3 26. Bxf3 Rf8 27. Re1 Nb4 28. Re3 Nc2 29. Re2 Rd8 30. Nf2 Qd7 31. Re4 c5 32. Rg4 cxd4 33. Rxg6+ Kf8 34. Bg7+ Kf7 35. Bh5 Qd5 36. Rg5+ Ke6 37. Bg4+ Kf7 38. Rxd5 Rxd5 39. Bxh6 Ne3 40. Bf3 Rf5 41. Be4 Rf6 42. Bg5 Ra6 43. Nd3 Ra1+ 44. Kf2 Ng4+ 45. Kf3 Nh2+ 46. Kg2 Ng4 47. Nf3 Ne3+ 48. Bxe3 dxe3 49. Nfe5+ Ke6 50. Kf3 a5 51. Kxe3 a4 52. b4 Ra2 53. Kd4 Kf6 54. Bd5 Ra1 55. Bc6 a3 56. bxa3 Rxa3 57. Bxb5 e6 58. Bc6 Rb3 59. b5 Ke7 60. h5 1-0

[Event "Memorial P.Keres Open"]
[Site "Vancouver BC CAN"]
[Date "1991.??.??"]
[Round "5"]
[White "Vranesic, Zvonko"]
[Black "Storey, Carl"]
[Result "1/2-1/2"]
[WhiteElo "2315"]
[BlackElo "2125"]
[PlyCount "109"]
[EventDate "1991.??.??"]
[Source "www.chesslib.no"]
[SourceDate "2004.05.04"]

1. d4 Nf6 2. c4 g6 3. Nc3 d5 4. Nf3 Bg7 5. Qb3 dxc4 6. Qxc4 O-O 7. e4 c6 8. Be2 b6 9. Qa4 Bg4 10. Be3 b5 11. Qc2 Nbd7 12. O-O Rc8 13. Rfd1 b4 14. Na4 Qa5 15. h3 Bxf3 16. Bxf3 e5 17. dxe5 Nxe5 18. Be2 Nxe4 19. Qxe4 Qxa4 20. Bc5 Rfd8 21. Qxb4 Qc2 22. Rxd8+ Rxd8 23. Bf1 h5 24. Bxa7 Nd3 25. Qe7 Rd5 26. Qe8+ Kh7 27. Bxd3 Qxd3 28. Qxc6 Bxb2 29. Rf1 Be5 30. Be3 Qf5 31. a4 Bd6 32. Qc3 Rd3 33. Qc4 Rd5 34. Rc1 Qe5 35. Kf1 Ba3 36. Re1 Qf5 37. Qf4 Qxf4 38. Bxf4 Rd4 39. Be5 Rxa4 40. Ra1 Re4 41. Bf6 Re6 42. Bc3 Bd6 43. Ra6 Bf8 44. Rxe6 fxe6 45. Ke2 g5 46. Kd3 Kg6 47. Ke4 Bd6 48. Bd4 Bc7 49. Be5 Bb6 50. f3 Ba5 51. Bd6 Bc3 52. Bc7 Bb2 53. Be5 Ba3 54. g4 hxg4 55. hxg4 1/2-1/2

[Event "Corr"]
[Site "?"]
[Date "1998.07.10"]
[Round "?"]
[White "Heap David (USA)"]
[Black "Remus Horst (USA)"]
[Result "1-0"]
[WhiteElo "2155"]
[BlackElo "2275"]
[PlyCount "61"]
[EventDate "1998.??.??"]
[Source "www.chesslib.no"]
[SourceDate "2004.05.04"]

1. d4 Nf6 2. c4 g6 3. Nc3 d5 4. Nf3 Bg7 5. Qb3 dxc4 6. Qxc4 O-O 7. e4 c6 8. Qb3 b5 9. a4 Be6 10. Qa3 bxa4 11. Qxa4 Qb6 12. Bc4 Bxc4 13. Qxc4 a5 14. O-O Nbd7 15. e5 Nd5 16. Nxd5 cxd5 17. Qxd5 Rfd8 18. Qa2 e6 19. Be3 Qb7 20. b3 Nb8 21. Rfc1 Nc6 22. Qa4 Rac8 23. Rc4 Rc7 24. Rac1 Rdc8 25. Ng5 Bf8 26. Ne4 Na7 27. Rxc7 Rxc7 28. Rxc7 Qxc7 29. Nf6+ Kh8 30. Qe8 Qe7 31. Qa8 1-0

[Event "Capablanca Memorial women"]
[Site "Cienfuegos City CUB"]
[Date "1991.??.??"]
[Round "10"]
[White "Cuevas-Rodriguez, Maria Luisa"]
[Black "Ramon, Vivian"]
[Result "1/2-1/2"]
[WhiteElo "2190"]
[BlackElo "2235"]
[PlyCount "92"]
[EventDate "1991.??.??"]
[Source "www.chesslib.no"]
[SourceDate "2004.05.04"]

1. d4 Nf6 2. c4 g6 3. Nf3 Bg7 4. Nc3 d5 5. Qb3 dxc4 6. Qxc4 O-O 7. e4 c6 8. Be2 b5 9. Qb3 Be6 10. Qc2 Qa5 11. Bd2 b4 12. Nd1 Bxa2 13. b3 Bxb3 14. Qb2 Qb6 15. Qxb3 Nxe4 16. Qxb4 Qxb4 17. Bxb4 c5 18. Bd3 Nc6 19. Bxe4 Nxb4 20. Rc1 cxd4 21. Rc4 Rab8 22. Nxd4 Rfc8 23. Nc6 Nxc6 24. Rxc6 a5 25. Rxc8+ Rxc8 26. Kd2 a4 27. Ne3 a3 28. Bb1 Bd4 29. Kd3 Bb2 30. Nc4 Rb8 31. Ba2 Rd8+ 32. Ke2 Bc3 33. Rd1 Ra8 34. Rd3 Bb4 35. Rb3 Bc5 36. Rb5 Rc8 37. Ra5 Bd6 38. g3 Rb8 39. Kf3 Bb4 40. Ra4 Bc5 41. Ne5 Bd6 42. Nxf7 Rf8 43. Kg4 Rxf7 44. Kg5 Kg7 45. Bxf7 h6+ 46. Kg4 Kxf7 1/2-1/2

[Event "Spring Festival 16th"]
[Site "Budapest"]
[Date "2000.03.24"]
[Round "8"]
[White "Pataki, Gyozo"]
[Black "Gonda, Laszlo"]
[Result "0-1"]
[WhiteElo "2267"]
[BlackElo "2155"]
[PlyCount "71"]
[EventDate "2000.03.17"]
[Source "www.chesslib.no"]
[SourceDate "2004.05.04"]

1. d4 Nf6 2. c4 g6 3. Nc3 d5 4. Nf3 Bg7 5. Qb3 dxc4 6. Qxc4 O-O 7. e4 c6 8. Be2 b5 9. Qb3 a6 10. O-O Qb6 11. e5 Ne8 12. Na4 Qa7 13. Nc5 Nc7 14. Bd2 Ne6 15. Rfc1 Nxc5 16. Rxc5 Be6 17. Qe3 Bd5 18. Ba5 Nd7 19. Rc2 Rfe8 20. Nd2 f6 21. Bf3 Bxf3 22. Nxf3 Rac8 23. e6 Nb6 24. d5 c5 25. Rxc5 Bf8 26. Rc6 Rxc6 27. dxc6 Nc8 28. Qxa7 Nxa7 29. c7 Bh6 30. g3 Kf8 31. Rd1 Nc6 32. Rd8 Na7 33. Nd4 Bc1 34. Nc6 Nc8 35. b3 Ba3 36. Rxc8 0-1

[Event "Corr"]
[Site "?"]
[Date "2002.09.21"]
[Round "?"]
[White "Beninsky Svejen"]
[Black "Van Dijk Erik"]
[Result "1-0"]
[WhiteElo "2127"]
[BlackElo "2280"]
[PlyCount "105"]
[EventDate "2002.??.??"]
[Source "www.chesslib.no"]
[SourceDate "2004.05.04"]

1. d4 Nf6 2. c4 g6 3. Nf3 Bg7 4. Nc3 d5 5. Qb3 dxc4 6. Qxc4 O-O 7. e4 c6 8. Be2 b5 9. Qb3 Qa5 10. e5 Be6 11. Qc2 Nd5 12. Bd2 Qb6 13. O-O Nd7 14. a4 Bf5 15. Nxd5 cxd5 16. a5 Bxc2 17. axb6 Nxb6 18. Bxb5 Nc4 19. Bg5 f6 20. Bc6 Rad8 21. exf6 exf6 22. Bf4 Bd3 23. Rfc1 Rf7 24. b3 Nb6 25. Ne1 Bf5 26. Bb5 g5 27. Bg3 Bd7 28. Bd3 Rc8 29. Rxc8+ Nxc8 30. Nc2 f5 31. Bb8 Be6 32. Re1 Re7 33. Nb4 Kf7 34. Nc6 Re8 35. Ra1 Bd7 36. Ne5+ Bxe5 37. Bxe5 Re7 38. f4 g4 39. h3 gxh3 40. gxh3 Be6 41. Ba6 Nb6 42. Kf2 Bc8 43. Be2 Ke6 44. Kg3 Rf7 45. Re1 Kd7 46. Bh5 Re7 47. Kh4 Kc6 48. Rc1+ Kb7 49. Kg5 a5 50. h4 a4 51. bxa4 Nxa4 52. Kf6 Re6+ 53. Kg7 1-0

[Event "URU-ch prel Serie Azul"]
[Site "Montevideo"]
[Date "2001.02.02"]
[Round "2"]
[White "Arias Duran, Jorge"]
[Black "Braso, Jorge"]
[Result "0-1"]
[WhiteElo "2090"]
[BlackElo "2308"]
[PlyCount "40"]
[EventDate "2001.02.??"]
[Source "www.chesslib.no"]
[SourceDate "2004.05.04"]

1. d4 Nf6 2. c4 g6 3. Nc3 d5 4. Nf3 Bg7 5. Qb3 dxc4 6. Qxc4 O-O 7. e4 c6 8. Be2 a5 9. a4 Na6 10. O-O Nb4 11. Bf4 Be6 12. d5 cxd5 13. exd5 Nfxd5 14. Rfd1 Nxc3 15. Rxd8 Raxd8 16. Qc7 Nxe2+ 17. Kh1 Nd5 18. Qxa5 Ndxf4 19. Qb4 Nd3 20. Qb6 Bd4 0-1

[Event "Creon op-4"]
[Site "Creon"]
[Date "1999.??.??"]
[Round "?"]
[White "Cotonnec, A."]
[Black "Laporte, D."]
[Result "1-0"]
[WhiteElo "2022"]
[BlackElo "2370"]
[PlyCount "87"]
[EventDate "1999.08.02"]
[Source "www.chesslib.no"]
[SourceDate "2004.05.04"]

1. d4 Nf6 2. c4 g6 3. Nc3 d5 4. Nf3 Bg7 5. Qb3 dxc4 6. Qxc4 O-O 7. e4 c6 8. Be2 Nbd7 9. Be3 Nb6 10. Qd3 Be6 11. O-O Ng4 12. Bf4 f5 13. Ng5 Bc8 14. e5 h6 15. Nf3 g5 16. Bd2 c5 17. h3 cxd4 18. hxg4 dxc3 19. Qxc3 fxg4 20. Nh2 Be6 21. Bxg4 Bxg4 22. Nxg4 Qd7 23. Qb3+ Kh8 24. Qb4 Rac8 25. Rac1 Rfd8 26. Rxc8 Rxc8 27. Ne3 Bxe5 28. Rd1 Qe6 29. a4 Rd8 30. a5 Nd5 31. Qb3 Rd6 32. Nc4 Nf4 33. Re1 Nd3 34. Rxe5 Nxe5 35. Bc3 Rc6 36. Bxe5+ Kh7 37. Qd3+ Kg8 38. b3 b5 39. axb6 axb6 40. Bc3 b5 41. Qd8+ Kh7 42. Qh8+ Kg6 43. Ne5+ Kf5 44. Qh7+ 1-0

[Event "Ljubljana op"]
[Site "Ljubljana"]
[Date "1997.??.??"]
[Round "9"]
[White "Kragelj, Igor"]
[Black "Bozic, Marjan"]
[Result "1/2-1/2"]
[WhiteElo "2250"]
[BlackElo "2110"]
[PlyCount "77"]
[EventDate "1997.??.??"]
[Source "www.chesslib.no"]
[SourceDate "2004.05.04"]

1. d4 Nf6 2. c4 g6 3. Nc3 d5 4. Nf3 Bg7 5. Qb3 dxc4 6. Qxc4 O-O 7. e4 c6 8. Be2 b5 9. Qb3 a5 10. Qc2 Na6 11. O-O Bb7 12. Rd1 Qc7 13. h3 Nd7 14. Bg5 e5 15. Rac1 Rac8 16. Qb1 Qb6 17. d5 Nac5 18. dxc6 Bxc6 19. Nd5 Bxd5 20. Rxd5 Nxe4 21. Be3 Rxc1+ 22. Qxc1 Qe6 23. Rxb5 Qxa2 24. Qc7 Nef6 25. Qxa5 Qxa5 26. Rxa5 Rb8 27. Bc4 Rxb2 28. Ng5 Bh6 29. Bxf7+ Kg7 30. Bc4 Bxg5 31. Bxg5 Ne4 32. Be3 Nd2 33. Bd3 Kf7 34. Ra7 Ke6 35. Kh2 Nf6 36. Ra6+ Kf7 37. Ra7+ Ke6 38. Ra6+ Kf7 39. Ra7+ 1/2-1/2

[Event "Corr"]
[Site "?"]
[Date "2000.07.05"]
[Round "?"]
[White "Kalashnikov Victor S"]
[Black "Quigley Daniel J"]
[Result "1/2-1/2"]
[WhiteElo "2208"]
[BlackElo "2146"]
[PlyCount "64"]
[EventDate "2000.??.??"]
[Source "www.chesslib.no"]
[SourceDate "2004.05.04"]

1. d4 Nf6 2. c4 g6 3. Nc3 d5 4. Nf3 Bg7 5. Qb3 dxc4 6. Qxc4 O-O 7. e4 c6 8. Be2 b5 9. Qb3 a5 10. Qc2 Ne8 11. Be3 f5 12. Rc1 f4 13. Bd2 Nc7 14. Rd1 Bg4 15. Qc1 Bxf3 16. Bxf3 e5 17. O-O exd4 18. Bxf4 Ne6 19. Bg3 Qb6 20. Ne2 c5 21. e5 Ra7 22. Bd5 Re7 23. Qg5 Rff7 24. Qg4 Nd7 25. f4 Kh8 26. Bh4 Re8 27. b3 Rf5 28. Be4 Rff8 29. Qh3 Kg8 30. Bd5 Kh8 31. Be4 Kg8 32. Bd5 Kh8 1/2-1/2

[Event "Harkany op"]
[Site "Harkany"]
[Date "1997.??.??"]
[Round "7"]
[White "Galianina Ryjanova, Julia"]
[Black "Kinez, Ivo"]
[Result "1-0"]
[WhiteElo "2250"]
[BlackElo "2095"]
[PlyCount "76"]
[EventDate "1997.??.??"]
[Source "www.chesslib.no"]
[SourceDate "2004.05.04"]

1. d4 Nf6 2. c4 g6 3. Nc3 d5 4. Nf3 Bg7 5. Qb3 dxc4 6. Qxc4 O-O 7. e4 c6 8. Qb3 Qc7 9. Be2 Be6 10. Qc2 h6 11. O-O Nbd7 12. h3 Rfd8 13. Be3 a5 14. b3 Rac8 15. Rac1 Qb8 16. Nh2 Nf8 17. Na4 b6 18. Ba6 Rc7 19. d5 Bxd5 20. exd5 Nxd5 21. Bc4 Nxe3 22. fxe3 e6 23. Be2 c5 24. Rfd1 Rcd7 25. Bb5 Rd5 26. Bc6 R5d6 27. Bf3 e5 28. Rxd6 Rxd6 29. Rd1 Ne6 30. Nc3 f5 31. Bd5 Kh7 32. Nb5 Nd4 33. exd4 Rxd5 34. dxe5 Rxe5 35. Nf3 Re6 36. Nc3 Qg3 37. Ne2 Qc7 38. Qd2 b5 1-0

[Event "C1.2001.0.00333"]
[Site "?"]
[Date "2001.??.??"]
[Round "?"]
[White "Pahlen Hans"]
[Black "Porkolab Sandor"]
[Result "1/2-1/2"]
[WhiteElo "2190"]
[BlackElo "2150"]
[PlyCount "77"]
[EventDate "2001.??.??"]
[Source "www.chesslib.no"]
[SourceDate "2004.05.04"]

1. d4 Nf6 2. c4 g6 3. Nc3 d5 4. Nf3 Bg7 5. Qb3 dxc4 6. Qxc4 O-O 7. e4 c6 8. Qb3 b5 9. Bf4 Qa5 10. Bd3 Ba6 11. O-O b4 12. Nb1 c5 13. Bxa6 Nxa6 14. e5 Nd7 15. e6 fxe6 16. Qxe6+ Kh8 17. Bg3 Qb5 18. Nbd2 cxd4 19. Rfe1 Bf6 20. Nb3 d3 21. Nfd4 Qa4 22. Qd5 Rfc8 23. Nf3 Qc6 24. Qxd3 Nac5 25. Nxc5 Nxc5 26. Qe3 Bxb2 27. Rab1 Bf6 28. Rxb4 Qa6 29. Ne5 Qxa2 30. h3 Qg8 31. Rb5 Ne6 32. Nxg6+ hxg6 33. Qxe6 Qxe6 34. Rxe6 a5 35. Be5 a4 36. Bxf6+ exf6 37. Rxf6 a3 38. Rxg6 Rc7 39. Rh6+ 1/2-1/2

[Event "Nyirsegi Torna op"]
[Site "Nyirsegi Torna"]
[Date "1998.??.??"]
[Round "5"]
[White "Lehoczki, Viktor"]
[Black "Nagyajtai, Gabor"]
[Result "0-1"]
[WhiteElo "2180"]
[BlackElo "2155"]
[PlyCount "136"]
[EventDate "1998.??.??"]
[Source "www.chesslib.no"]
[SourceDate "2004.05.04"]

1. d4 Nf6 2. c4 g6 3. Nc3 d5 4. Nf3 Bg7 5. Qb3 dxc4 6. Qxc4 O-O 7. e4 c6 8. Be2 b5 9. Qb3 Qa5 10. Bd2 b4 11. Na4 Nxe4 12. Bxb4 Qc7 13. O-O Be6 14. Qa3 Re8 15. Rac1 a5 16. Nc5 Bd5 17. Nxe4 Bxe4 18. Rfd1 Qa7 19. Bc5 Qb7 20. Rc3 Bd5 21. Re3 e6 22. Ne5 Nd7 23. Bd6 Nf6 24. Bd3 Red8 25. Bc5 Nd7 26. Bd6 Nf6 27. Be7 Re8 28. Bd6 Red8 29. Bc5 Nd7 30. Bd6 Nb6 31. Bc5 f6 32. Nf3 Nd7 33. Bd6 Nb6 34. Rde1 Nc4 35. Bxc4 Bxc4 36. h4 Qd7 37. Bc5 Bh6 38. Rc3 Bd5 39. Be7 Re8 40. Bc5 Bf8 41. Nh2 Qb7 42. Ng4 Bg7 43. Rg3 Kf7 44. b3 h5 45. Ne3 Bh6 46. Nc4 Bxc4 47. bxc4 a4 48. Qd3 f5 49. Rb1 Qd7 50. Rb6 Rab8 51. Qb1 Rxb6 52. Qxb6 Bf4 53. Qa6 Bxg3 54. fxg3 e5 55. dxe5 Rxe5 56. Bf2 Qd1+ 57. Kh2 Qd7 58. Qxa4 Re2 59. Bc5 Qd2 60. Qxc6 f4 61. Qc7+ Kf6 62. Qxf4+ Qxf4 63. gxf4 Rxa2 64. Bd6 Kf5 65. Kh3 Rc2 66. c5 Rc3+ 67. g3 Ke4 68. Kh2 Kf3 0-1